[Event "CHN-ch Blitz Open 2018"]
[Site "Tianjin"]
[Date "2018.06.08"]
[Round "8.10"]
[White "Peng, Xiongjian"]
[Black "Chu, Wei Chao"]
[Result "1-0"]
[WhiteElo "2321"]
[BlackElo "2297"]
[Annotator "TA"]
[PlyCount "89"]
[EventDate "2018.06.07"]
[EventType "blitz"]
[EventRounds "9"]
[EventCountry "CHN"]
[SourceTitle "playchess.com"]
[Source "ChessBase"]
[SourceQuality "1"]

{[%evp 16,89,37,41,78,29,69,38,46,21,45,22,38,20,38,37,66,0,5,0,40,-23,-15,-11,13,19,17,14,18,11,14,8,11,20,28,3,33,40,31,0,73,73,73,73,73,73,80,73,73,73,80,0,73,73,98,104,110,101,143,162,168,174,176,16,16,16,16,16,16,16,8,16,15,9,652,644]} 1. d4 Nf6 2. c4 g6 3. Nf3 Bg7 4. g3 c6 5. Bg2 d5 6. Qb3 O-O 7. O-O b6 8. Nc3 Bb7 {D73: Fianchetto Grünfeld: 5 Nf3} 9. Bf4 {LiveBook: 5 Games} Nbd7 (9... e6 10. a4 a5 11. cxd5 exd5 12. Ne5 Na6 13. Rfd1 Nh5 14. Be3 Nb4 15. Rac1 Qd6 16. Na2 {0-1 (46) Sandipan,C (2628)-Sasikiran,K (2700) Moscow 2012}) 10. Rfd1 Re8 {White has an edge.} 11. Rac1 e6 12. a4 $146 ({Predecessor:} 12. Bd6 Bf8 13. Bxf8 Rxf8 14. h3 Qe7 15. cxd5 exd5 16. e3 {1-0 (51) Fricker,J-Lilloni,L Reggio Emilia 1959}) 12... Ba6 13. cxd5 exd5 14. e3 Bc4 15. Qc2 a5 16. b3 ({White should play} 16. Bg5 $14) 16... Ba6 $11 17. Ne5 Rc8 18. Ne2 ({Better is} 18. Bh3 $14) 18... Nxe5 19. Bxe5 Nd7 20. Bxg7 Kxg7 21. Nf4 {[%cal Be2f4,Bf4d3,Bd3e5][%mdl 32]} Nf6 22. Qb2 Qd6 23. Nd3 Ne4 24. Ne5 f6 25. Nd3 h5 26. Nf4 Kh6 27. Qc2 (27. f3 $5 {[%cal Rf3e4]} Ng5 28. Qd2 $11) 27... f5 (27... g5 $1 $11 28. f3 gxf4 29. gxf4 Ng5 $1 {[%mdl 512]} 30. fxg5+ fxg5) 28. h4 $16 Kg7 29. Qb2 Kh7 30. Rc2 Rc7 31. Rdc1 Rec8 32. Bf3 Kh6 33. Bg2 Kh7 $1 34. Rb1 Kh6 35. b4 axb4 36. Qxb4 Qxb4 37. Rxb4 b5 38. Bxe4 fxe4 39. a5 $2 (39. axb5 $18 Bxb5 {[#]} 40. Nxd5 $1 {[%mdl 512]} cxd5 41. Rxc7 Rxc7 42. Rxb5) 39... Ra7 $1 $11 40. Ne6 Bb7 41. Nc5 Rc7 42. Ra2 $36 {[%mdl 2048] White is pushing.} Bc8 43. Rb1 Bg4 44. Rba1 Be2 $2 {[%mdl 8192]} (44... Kg7 $11) 45. Rxe2 {Precision: White = 48%, Black = 53%.} 1-0

[Event "CHN-ch Blitz Open 2018"]
[Site "Tianjin"]
[Date "2018.06.08"]
[Round "8.11"]
[White "Zhao, Jun"]
[Black "Lou, Yiping"]
[Result "1-0"]
[WhiteElo "2585"]
[BlackElo "2419"]
[Annotator "TA"]
[PlyCount "75"]
[EventDate "2018.06.07"]
[EventType "blitz"]
[EventRounds "9"]
[EventCountry "CHN"]
[SourceTitle "playchess.com"]
[Source "ChessBase"]
[SourceQuality "1"]

{[%evp 10,75,22,-16,6,5,25,-24,12,-30,79,87,106,89,104,72,90,-87,-72,-81,-60,-84,62,60,59,62,41,0,0,0,466,468,456,502,487,498,540,508,510,541,537,535,488,444,554,548,550,545,518,476,600,601,608,592,572,554,823,819,1637,1590,1501,1486,1458,862,1246,1205,1236,1218]} 1. d4 d5 2. c4 e6 3. Nc3 c6 4. e3 Bd6 5. Nf3 Nf6 6. g4 {[%cal Bg2g4,Bg4g5][%mdl 32] LiveBook: 5 Games. D45: Semi-Slav: 5 e3} O-O 7. g5 $1 {[%cal Rg5f6]} Nfd7 $146 ({Predecessor:} 7... Ne4 8. Nxe4 dxe4 9. Nd2 Bb4 10. a3 Bxd2+ 11. Bxd2 Qxg5 12. h4 Qd8 13. Bb4 Re8 {1-0 (52) Avotins,M (2453)-Cardelli,G (2385) ICCF email 2014}) 8. Qc2 {White has an edge.} Re8 9. Bd2 a6 (9... e5 $1 $11 {remains equal.}) 10. O-O-O b5 11. c5 ({Much worse is} 11. cxb5 axb5 12. h4 e5 $11) 11... Bf8 12. Bd3 g6 13. e4 $2 (13. h4 $1 $16) 13... e5 $17 14. Nxe5 Nxe5 15. dxe5 Rxe5 ({Black should try} 15... d4 $17 16. Ne2 a5) 16. f4 $36 {[%mdl 2048] White is more active.} Re8 17. exd5 $1 cxd5 18. Rhe1 (18. f5 {is more complex.} Ra7 19. Bf4 b4 20. Bxb8 Ra8 21. Na4) 18... Rxe1 19. Bxe1 {And now Nxd5! would win.} Ra7 $2 {[%mdl 8192] [#]} ({But not} 19... Bxc5 $2 20. Nxd5 $1 {[%mdl 512]} Nd7 21. Be2 $18) (19... Bg4 $1 $11 {and Black has nothing to worry.}) 20. Nxd5 $1 $18 {[%mdl 512] White is clearly winning.} Qxd5 21. Bxg6 $1 Qxc5 22. Bxh7+ Kh8 23. Bc3+ f6 24. Bxf6+ Rg7 25. Qxc5 Bxc5 26. Bc2 {Threatening mate with Rd8+.} Nd7 27. Bxg7+ Kxg7 28. Bf5 Nb6 29. Bxc8 Nxc8 30. Kd2 Ne7 31. Rc1 Bd6 {[#]} 32. Ke3 $1 Nd5+ 33. Ke4 Nxf4 34. Rc6 Bb8 35. Rb6 Bc7 36. Rb7 Ne6 37. Kd5 Kf7 38. Kc6 {Precision: White = 62%, Black = 33%.} 1-0

[Event "CHN-ch Blitz Open 2018"]
[Site "Tianjin"]
[Date "2018.06.08"]
[Round "8.12"]
[White "Zhao, Zhouqiao Chn"]
[Black "Ma, Zhonghan"]
[Result "0-1"]
[WhiteElo "2294"]
[BlackElo "2489"]
[Annotator "TA"]
[PlyCount "98"]
[EventDate "2018.06.07"]
[EventType "blitz"]
[EventRounds "9"]
[EventCountry "CHN"]
[SourceTitle "playchess.com"]
[Source "ChessBase"]
[SourceQuality "1"]

{[%evp 9,98,13,13,13,13,13,8,4,18,8,21,17,37,30,39,33,44,31,44,31,41,16,29,-22,-20,-160,-150,-148,-152,-165,-152,-161,-110,-191,-191,-183,-185,-355,-347,-387,-367,-433,-439,-428,-427,-675,-646,-619,-606,-674,-579,-706,-680,-766,-766,-767,-744,-989,-924,-1132,-1081,-1119,-1177,-1153,-1143,-1247,-1214,-1197,-1190,-1126,-833,-1204,-1163,-1300,-1272,-1249,-1236,-1597,-1273,-2367,-2141,-4710,-2680,-4627,-4618,-4610,-29981,-29980,-29981,-29985,-29986]} 1. d4 Nf6 2. Nf3 e6 3. Bf4 c5 4. c3 Qb6 5. Qb3 cxd4 6. Qxb6 {A46: 1 d4 Nf6 2 Nf3 e6: Torre, London and Colle Systems} (6. Nxd4 Bc5 7. Qxb6 Bxb6 8. Nb5 d5 9. Nd2 O-O 10. Nc7 Bxc7 11. Bxc7 Nc6 12. g3 e5 13. Bd6 {½-½ (35) Kamsky,G (2741)-Zvjaginsev,V (2659) Khanty-Mansiysk 2013}) 6... axb6 7. Nxd4 d5 8. Nd2 $146 {The position is equal.} ({Predecessor:} 8. e3 Bd7 9. Bc7 Bc5 10. Nd2 Na6 11. Be5 Be7 12. Be2 O-O 13. O-O {0-1 (51) Reshetkov,K (2251)-Bortnyk,M (2416) Lutsk 2016}) 8... Bd7 9. e3 Bc5 10. Be2 Ke7 11. a3 Nc6 {[%cal Bb8c6,Bc6a5,Ba5c4][%mdl 32]} 12. O-O Rhc8 13. Bg3 Bd6 14. Bxd6+ Kxd6 15. Nb5+ Ke7 16. c4 (16. f4 $142) 16... Na5 $11 17. a4 (17. cxd5 $11 {keeps the balance.} Bxb5 {[#]} 18. d6+ $1 {[%mdl 512]} (18. Bxb5 Rc5 $11) 18... Kxd6 19. Bxb5) 17... Nxc4 $17 18. Nxc4 dxc4 19. Nc3 Nd5 20. Bf3 Bc6 (20... Nxc3 $19 21. bxc3 Rxa4 22. Rxa4 Bxa4 23. Bxb7 Rd8) 21. Rfd1 (21. Bxd5 $17 {was necessary.} Bxd5 22. Rfd1) 21... Nxc3 $19 22. bxc3 Rxa4 23. Rab1 $2 {[#]} (23. Rxa4 Bxa4 24. Rb1) 23... b5 24. Rdc1 Ra2 25. h4 Rd8 26. Bxc6 bxc6 {[%mdl 4096] Endgame KRR-KRR} 27. Rf1 (27. Ra1 $142 Rxa1 28. Rxa1) 27... Rdd2 28. Rbc1 Kd6 29. Kh2 Rxf2 30. Rcd1+ Ke7 31. Rg1 Rfe2 32. Rd4 Rxe3 33. Rg4 g6 {[%cal Bg7g6,Bg6h5][%mdl 32]} 34. h5 gxh5 35. Rg7 Rxc3 36. Rf1 Rcc2 37. Rfxf7+ Kd6 38. Rd7+ Kc5 39. Rg5+ Kb4 40. Rxh7 c3 41. Rc7 Kb3 42. Rxc6 b4 43. Rxe6 Kb2 44. Rb6 b3 45. Rgb5 Ra3 46. Kh3 Ka2 47. g3 b2 48. Kh4 Rc1 49. Kxh5 b1=Q {Precision: White = 26%, Black = 85%.} 0-1

[Event "CHN-ch Blitz Open 2018"]
[Site "Tianjin"]
[Date "2018.06.08"]
[Round "8.13"]
[White "Zhou, Jianchao"]
[Black "Zhao, Yuanhe"]
[Result "1/2-1/2"]
[WhiteElo "2591"]
[BlackElo "2407"]
[Annotator "TA"]
[PlyCount "155"]
[EventDate "2018.06.07"]
[EventType "blitz"]
[EventRounds "9"]
[EventCountry "CHN"]
[SourceTitle "playchess.com"]
[Source "ChessBase"]
[SourceQuality "1"]

{[%evp 13,155,37,33,25,26,29,70,58,58,57,74,18,62,45,50,51,45,41,40,36,40,28,20,-10,-20,-64,-52,-39,-20,-20,-13,-20,-20,-20,0,0,14,-20,-20,-20,0,-20,0,-308,-94,-83,-82,-88,-105,-106,-15,-18,-33,-27,0,-7,24,31,169,152,123,118,297,265,260,0,0,-110,-110,-363,-78,-1089,0,0,156,156,160,-347,-110,-110,-110,-110,-110,-110,-110,-110,-110,-110,-110,-110,-110,-110,-110,-110,0,-103,-45,-103,0,-45,0,-103,0,-52,-52,-67,-67,-67,-67,-67,-67,-67,-67,-67,-67,-67,-67,-67,-67,-67,-67,-67,-67,-67,-67,-67,-67,-67,-67,-67,-67,-67,-67,-67,-8,-75,0,0,0,-82,-8,-11,-27,-52]} 1. c4 Nf6 2. Nc3 d5 3. cxd5 Nxd5 4. g3 g6 5. Bg2 Nxc3 6. bxc3 Bg7 7. Rb1 c6 {LiveBook: 41 Games} 8. h4 {A16: English Opening: 1...Nf6 with ...d5} (8. Nf3 Nd7 9. O-O O-O 10. Qa4 Nb6 11. Qc2 Qc7 12. c4 c5 13. Bb2 e5 14. d3 Bd7 15. Bc3 Na4 16. Bd2 Rab8 17. Be3 Bc6 18. Ng5 Bxg2 19. Kxg2 {½-½ (59) Illescas Cordoba,M (2601)-Rakhmanov,A (2588) Don Benito 2012}) 8... Qa5 9. Qc2 h5 10. Nf3 {White is slightly better.} O-O 11. O-O Nd7 12. c4 (12. Ng5 $16) 12... Ne5 $146 ({Predecessor:} 12... c5 13. Ng5 Qc7 14. Bd5 Qd6 15. Bxb7 Bxb7 16. Rxb7 {1-0 (25) Genocchio,D (2421)-Villa,A (1965) Cesenatico 2017}) 13. Nxe5 Bxe5 14. d3 Rb8 15. a4 Bg4 16. Bb2 Rfc8 17. Bxe5 Qxe5 18. Rb2 b5 19. e3 b4 20. d4 Qc7 21. c5 a5 22. f4 Re8 23. Kh2 Rbd8 24. Qe4 Rc8 25. Rbf2 Bf5 $36 {[%mdl 2048] Black fights for an advantage.} 26. Qf3 $1 Bg4 27. Qe4 Bf5 28. Qe5 $2 {[%mdl 8192]} (28. Qf3 $1 $11) 28... Qd7 $2 (28... Qa7 $1 $19 29. d5 cxd5) 29. d5 $17 cxd5 30. Bxd5 Qc7 {aiming for ...Qxe5.} ({Much worse is} 30... Qxa4 $6 31. e4 $14) 31. c6 e6 (31... Red8 $1 $17 32. Qxc7 Rxc7) 32. Bg2 $11 Qxe5 33. fxe5 Rc7 34. Rc1 Rd8 35. Rc5 Rd3 (35... Ra7 $14) 36. Rxa5 $18 Rxe3 37. Rb5 b3 $2 (37... Kg7 $16 {is a better defense.}) 38. Rb7 Rc8 39. Rd2 $2 (39. a5 $18) 39... Rc3 $1 $11 {[%cal Rc3c2] next ...Rc2 is good for Black.} 40. a5 (40. Rdd7 $11) 40... Rc2 $17 41. Rdd7 $2 {[%mdl 8192]} (41. Rd4 $17 b2 42. a6) 41... b2 $2 (41... Be4 $1 $19 {[%cal Re4g2] has better winning chances.} 42. Rxf7 g5 43. Rg7+ Kh8 44. Rxg5 Bxg2 45. Rxh5+ Kg8 46. Rg5+ Kf8) 42. a6 $2 {[%mdl 8192]} (42. Rxf7 $17 Rxg2+ 43. Kxg2 Be4+ 44. Kf2) 42... R8xc6 $2 (42... Be4 $19 43. Rxf7 Rxg2+ 44. Kh3 Rd2 45. Rg7+ Kf8 46. Rbf7+ Ke8 47. Re7+ Kd8 48. Rd7+ Rxd7 49. Rxd7+ Ke8) 43. a7 Ra6 $2 (43... Rc8 $11 44. Rxf7 Be4 45. Rg7+ Kh8 46. Rh7+ Kg8 47. Rbg7+ Kf8 48. Rf7+ Kg8 49. Rfg7+ Kf8 50. Rf7+ Kg8 51. Rfg7+) 44. Rd8+ Kg7 {Strongly threatening ...Rxg2+!} 45. Rdd7 $2 (45. Rbb8 $1 $16 {Rg8+ would kill now.} Rxg2+ 46. Kxg2 Be4+ 47. Kf2) 45... Rxg2+ $2 (45... b1=Q $19 {is more deadly. ( -> ...Rxg2+!)} 46. Rxb1 Raa2) 46. Kxg2 $19 {[%mdl 4096] Endgame KRR-KRB} Be4+ 47. Kf2 Bxb7 48. Rxb7 $17 {[#] KR-KR} b1=Q $1 {[%mdl 512]} 49. Rxb1 Rxa7 50. Kf3 Ra3+ 51. Kf4 Ra4+ 52. Kf3 Ra5 53. Kf4 {[#]} Ra7 ({Black should play} 53... g5+ $1 $17 {[%mdl 512]} 54. hxg5 (54. Kxg5 Rxe5+) 54... Ra4+ 55. Ke3 Rg4) 54. Rd1 (54. Kf3 $1 $11) 54... Kf8 (54... Ra4+ $17 55. Kf3 g5 $1 {[%mdl 512]} 56. hxg5 Kg6) 55. Rb1 (55. Rd8+ $1 $15 Ke7 56. Rg8) 55... Ke7 (55... Ra8 $17) 56. Rb6 Ra4+ 57. Kf3 (57. Kg5 $1 $11) 57... Ra7 (57... Ra8 $17 58. Rb7+ Kf8) 58. Kf4 $1 $15 f6 {White must now prevent ...Ra4+.} 59. exf6+ Kxf6 60. Rb5 Ra4+ 61. Kf3 e5 62. Rb8 Ra3+ 63. Kf2 Kf5 {And now ...Kg4 would win.} 64. Rb4 Rd3 65. Ra4 Rd4 66. Ra6 Rd2+ 67. Ke3 Rg2 68. Kf3 Rb2 69. Ra4 Rb3+ 70. Kf2 Rb5 71. Kf3 Rd5 72. Rb4 Rd3+ 73. Kf2 e4 ({Better is} 73... Rd6 $15 74. Ke3 Rd4 $1 {[%mdl 512]}) 74. Rb5+ {[#]} (74. Rb6 $1 $11) 74... Kf6 (74... Kg4 $1 $17 75. Rg5+ Kh3 76. Rxg6 Rf3+ 77. Ke2 Rxg3) 75. Rb6+ $11 Kf5 ({Black should try} 75... Kg7 $11) 76. Rb5+ $17 {[#]} Ke6 (76... Kg4 $1 $17 77. Rg5+ Kh3 78. Rxg6 Rf3+ 79. Ke2 Rxg3) 77. Rb6+ Rd6 78. Rb5 {Precision: White = 47%, Black = 35%.} 1/2-1/2

[Event "CHN-ch Blitz Open 2018"]
[Site "Tianjin"]
[Date "2018.06.08"]
[Round "8.14"]
[White "Ye, Rongguang"]
[Black "Xiang, Zeyu"]
[Result "1/2-1/2"]
[WhiteElo "2415"]
[BlackElo "2293"]
[Annotator "TA"]
[PlyCount "159"]
[EventDate "2018.06.07"]
[EventType "blitz"]
[EventRounds "9"]
[EventCountry "CHN"]
[SourceTitle "playchess.com"]
[Source "ChessBase"]
[SourceQuality "1"]

{[%evp 26,159,-10,-22,0,0,-6,-15,-18,-9,-18,-54,-43,-35,272,277,269,277,262,273,219,193,202,208,206,195,197,184,178,179,287,259,238,37,66,29,41,27,29,0,0,0,0,0,226,214,284,175,261,114,172,141,470,276,269,269,484,470,446,0,0,0,0,0,0,0,8,8,8,8,8,8,8,0,0,0,0,0,0,0,0,0,0,0,0,0,0,0,8,0,0,0,0,0,0,0,0,0,0,0,0,0,8,8,8,8,8,8,8,8,8,8,8,8,8,8,8,8,8,8,8,0,0,0,8,8,8,8,8,8,8,8,8,8,8,8]} 1. c4 e6 2. Nc3 d5 3. d4 Nf6 4. Nf3 Be7 5. e3 O-O 6. a3 Nbd7 7. Be2 dxc4 8. Bxc4 c5 9. O-O a6 10. dxc5 Nxc5 11. b4 Ncd7 12. Bb2 b5 13. Bd3 Bb7 14. Qe2 {LiveBook: 10 Games. D48: Semi-Slav: Meran System: 7...b5 8 Bd3 a6} Qb6 (14... Bxf3 15. gxf3 Ne5 16. Rfd1 Nxd3 17. Rxd3 Qc7 18. Ne4 Nxe4 19. fxe4 Rfd8 20. Rc1 Qb7 21. Qg4 Bf8 {½-½ (42) Zhukova,N (2438)-Ibarra Jerez,J (2577) Caleta 2018}) 15. e4 Rfd8 16. Rfd1 Rac8 $146 ({Predecessor:} 16... Nf8 17. Bc1 Qc7 18. Bd2 Ng6 19. g3 Rac8 {1-0 (63) Serrano Salvador,E (2344)-Pastor Alonso de Prado,E (2206) Galapagar 2005}) 17. Rac1 Ng4 18. Nb1 Rxc1 19. Rxc1 Bd6 $2 {[%mdl 8192]} (19... Qd6 $15 {stays ahead.}) 20. Bd4 $18 Bxh2+ 21. Nxh2 Qxd4 22. Nxg4 h5 23. Nh2 Ne5 {[#]} 24. Bc2 $1 Qb2 25. Rd1 Rc8 26. Bd3 Qb3 27. Nf3 Nxf3+ (27... Nxd3 {was worth a try.} 28. Qxd3 Qxd3 29. Rxd3 Bxe4) 28. gxf3 e5 29. Nd2 $2 (29. f4 $18) 29... Qxa3 $14 30. Nf1 {White wants to play Qd2.} Qxb4 31. Ne3 g6 32. Nd5 Qd6 33. Bb1 Bxd5 34. exd5 a5 $2 (34... b4 $11 {and Black stays safe.}) 35. Qxb5 $18 h4 36. Qb7 Rd8 (36... Rc4 $142 37. Qb5 Rd4 38. Rxd4 exd4) 37. Ba2 (37. Qa7 $18 {and White stays clearly on top.}) 37... Qf6 (37... e4 $16) 38. d6 {Threatens to win with Qc7.} h3 $2 {[%mdl 8192]} (38... Kg7 $16 {is a better chance.} 39. d7 a4) 39. Kh2 (39. Qe7 $142 Kg7 40. Qxf6+ Kxf6 41. Kh2) 39... Kg7 40. Kxh3 Rh8+ $2 (40... Rd7 41. Qc6 (41. Qxd7 Qxf3+ 42. Kh2 Qxf2+ 43. Kh3 Qf3+ 44. Kh2 Qf2+ 45. Kh3 Qf3+ 46. Kh4 Qf2+ 47. Kh3 $11) 41... e4 42. Qxe4 (42. Qxd7 Qxf3+ 43. Kh4 Qh5+ 44. Kg3 Qf3+ 45. Kh4 Qxf2+ 46. Kh3 Qf3+ 47. Kh4 Qh5+ 48. Kg3 Qf3+ 49. Kh4 Qh5+ 50. Kg3 Qf3+ 51. Kh4 $11) 42... Rxd6 43. Rxd6 Qxd6) 41. Kg2 Qf4 42. Qxf7+ $2 ({Better is} 42. Qd5 $18) 42... Qxf7 $11 {The position is equal.} 43. Bxf7 Kxf7 $18 {[%mdl 4096] Endgame KR-KR} 44. Rd5 Ke6 45. Rxa5 Kxd6 46. Ra6+ Kd5 47. Rxg6 Ra8 48. Rg5 Ke6 49. Kg3 Ra4 50. Rg4 Ra3 51. Re4 Kf5 52. Re3 Ra4 53. Rc3 Rb4 54. Rc5 Ra4 55. Rc8 Rb4 56. Rf8+ Ke6 57. Rg8 Kf5 58. Rg4 Rb3 59. Kg2 Ra3 60. Re4 Rb3 61. Ra4 Rc3 62. Ra8 Rb3 63. Rf8+ Ke6 64. f4 exf4 65. Rxf4 Ke5 66. Ra4 (66. Rf8 {keeps more tension.} Ke4 67. Rh8 Kf5 68. Rh5+ Kf6 69. Rd5) 66... Kf5 67. f3 Rb2+ 68. Kg3 Rb5 69. Rh4 {[#] Threatening mate with Rh5+.} Rb1 70. Rh5+ Kg6 71. Ra5 Rb4 72. f4 Rb1 73. Ra6+ Kf5 74. Ra5+ Kg6 75. Rg5+ Kf6 76. Kf3 Rf1+ 77. Ke3 Re1+ 78. Kf2 Ra1 79. Rb5 Ra2+ 80. Kf3 {Precision: White = 59%, Black = 64%.} 1/2-1/2

[Event "CHN-ch Blitz Open 2018"]
[Site "Tianjin"]
[Date "2018.06.08"]
[Round "9.1"]
[White "Yu, Yangyi"]
[Black "Wen, Yang"]
[Result "1-0"]
[WhiteElo "2799"]
[BlackElo "2545"]
[Annotator "TA"]
[PlyCount "116"]
[EventDate "2018.06.07"]
[EventType "blitz"]
[EventRounds "9"]
[EventCountry "CHN"]
[SourceTitle "playchess.com"]
[Source "ChessBase"]
[SourceQuality "1"]

{[%evp 16,116,14,8,4,-12,-4,-4,0,0,-6,-2,-2,0,9,0,15,7,77,26,29,32,146,-2,33,33,66,38,51,31,51,54,53,8,18,9,31,18,17,12,26,0,380,56,481,58,196,0,208,198,195,18,73,-133,-137,-141,-141,-149,-127,-131,-137,-139,-145,-138,-99,-233,-53,-39,115,113,109,108,108,108,118,114,194,200,567,310,268,229,237,224,244,197,399,369,835,792,781,758,889,876,696,835,727,126,29964,29964,29968,6115,29976]} 1. e4 e5 2. Nf3 Nc6 3. Bb5 Nf6 4. d3 Bc5 5. Bxc6 dxc6 6. Be3 {C65: Ruy Lopez: Berlin Defence (3...Nf6), unusual lines and 4 0-0 Bc5} Bd6 7. h3 O-O 8. Nc3 {[%cal Bb1c3,Bc3e2,Be2g3,Bg3f5][%mdl 32]} Nd7 9. Ne2 {LiveBook: 4 Games} Re8 10. g4 Nf8 $146 ({Predecessor:} 10... Nc5 11. Ng3 Ne6 12. Nf5 c5 13. h4 a5 {1-0 (39) Caruana,F (2799)-Anand,V (2782) London 2017}) 11. Ng3 a5 12. a4 c5 13. Nf5 Ne6 14. h4 Ra6 15. h5 f6 16. Rg1 h6 (16... Bf8 $11 {keeps the balance.}) 17. Qd2 (17. N3h4 $16) 17... Nd4 18. N3h4 (18. N3xd4 cxd4 19. Bxh6 Bb4 $15) 18... Rc6 (18... Bf8 $14) 19. b3 (19. Bxh6 $1 $16 c4 20. Bxg7 cxd3 21. Kf1 (21. Qxd3 Nxc2+ 22. Ke2 Nxa1 $17) 21... dxc2 22. Qh6) 19... Bf8 (19... c4 $5 20. Bxd4 (20. bxc4 $2 Bxf5 21. gxf5 Bb4 $19) 20... cxb3 21. Nxd6 (21. cxb3 $2 Bb4 $19) (21. Qxa5 exd4 22. cxb3 Rc3 $15) 21... Rxc2 22. Qxa5 Qxd6 $15) 20. Kf1 b6 21. Rg3 Be6 22. Ng6 Qd7 23. Kg2 Bf7 24. Ngh4 Ne6 25. Rf1 Ng5 (25... Rd8 $5 {[%cal Rc5c4]}) 26. f4 exf4 27. Bxf4 Rce6 28. Ng6 Nh7 $2 {[%mdl 8192]} (28... Bxg6 $11 {and Black stays safe.} 29. hxg6 Rc8) 29. Rf2 $2 ({White has to play} 29. Nxf8 $18 Rxf8 30. Nxg7 $1 {[%mdl 512]} Rxe4 31. dxe4 Qxd2+ 32. Bxd2 Kxg7 33. Bf4) 29... c6 $2 {[%mdl 8192]} (29... Bxg6 $14 30. hxg6 Ng5) 30. Rgf3 $2 ({Only move:} 30. Nxf8 $18 Rxf8 31. Nxg7 $1 {[%mdl 512]}) 30... Rc8 (30... Bxg6 $1 $14 31. hxg6 Ng5) 31. Qe3 $2 (31. Nxf8 $18 Rxf8 32. Nxg7 Kxg7 33. Bxh6+ Kg8 34. Bxf8 Kxf8 35. Rf5) 31... Qe8 $2 (31... Bxg6 $1 $11 32. hxg6 Ng5) 32. Nxf8 $18 Qxf8 33. e5 $2 ({Better is} 33. Nxg7 $1 $18 Qxg7 34. Bxh6) 33... Rce8 (33... fxe5 $1 $11 34. Bxe5 Ng5) 34. Kh2 $2 (34. Qd2 $16 {and life is bright.}) 34... fxe5 $17 35. Bg3 Ng5 36. Bh4 Nxf3+ 37. Qxf3 e4 38. dxe4 Rxe4 {Threatens to win with ...c4.} 39. Bg3 {Black must now prevent Bd6.} R4e6 {And now ...Rf6 would win.} 40. Rd2 (40. Kh3 $17) 40... Rf6 $2 (40... Rd8 $19 41. Rf2 Rd7) 41. Bd6 $15 {[#]} Rd8 $2 (41... Rxd6 $1 $15 42. Nxd6 (42. Rxd6 Bd5) 42... Rd8) 42. Bxf8 $16 Rxd2+ 43. Kg3 Kxf8 {[#]} 44. Qf4 $1 $36 {[%cal Rf4d2][%mdl 2048] Black is under strong pressure.} Rd8 ({Of course not} 44... Rxc2 $6 45. Qb8+ Be8 46. Qxb6 $14) 45. Qc7 Re8 (45... Rd1 $16) 46. Qxb6 $18 Be6 $2 (46... c4 47. bxc4 (47. Qxa5 cxb3 48. cxb3 Kg8 $18) 47... Kg8) 47. Qxc5+ Kg8 {Black hopes to continue with ...Bxf5.} 48. Qxa5 Bxf5 49. gxf5 {[%mdl 4096] Endgame KQ-KRR} Re2 50. Qc5 Re4 $2 (50... Rd2) 51. a5 Rf7 $2 (51... Re1 52. a6 Ra1) 52. a6 Ree7 53. Qxc6 Rxf5 54. Qc8+ Rf8 55. Qc5 Ref7 56. a7 $2 (56. Qd6 $18 {has better winning chances.} Re8 57. Qd5 Re3+ 58. Kg4) 56... Rf3+ $2 {[%mdl 8192]} (56... Ra8 $16 57. b4 Rfxa7) 57. Kg2 R3f6 58. Qd5+ R6f7 {Precision: White = 32%, Black = 17%.} 1-0

[Event "CHN-ch Blitz Open 2018"]
[Site "Tianjin"]
[Date "2018.06.08"]
[Round "9.2"]
[White "Wei, Yi"]
[Black "Wang, Hao"]
[Result "0-1"]
[WhiteElo "2694"]
[BlackElo "2779"]
[Annotator "TA"]
[PlyCount "104"]
[EventDate "2018.06.07"]
[EventType "blitz"]
[EventRounds "9"]
[EventCountry "CHN"]
[SourceTitle "playchess.com"]
[Source "ChessBase"]
[SourceQuality "1"]

{[%evp 9,104,12,4,7,23,4,17,13,4,18,23,25,25,19,25,22,24,16,44,30,45,38,41,12,15,0,0,0,0,0,27,-32,-24,-53,-47,-50,-51,-42,-46,-29,-39,-136,-135,-127,-107,-143,-107,-111,0,0,44,-24,-14,-6,0,0,0,-62,0,0,95,101,90,35,13,-218,-221,-218,-211,-211,-211,-229,-232,-213,-203,-215,-199,-353,-351,-486,-468,-465,-459,-490,-473,-649,-440,-519,-459,-500,-400,-535,-409,-566,-491,-487,-392]} 1. Nf3 d5 2. e3 Nf6 3. c4 e6 4. Nc3 b6 5. b3 (5. cxd5 exd5 6. Bb5+ c6 7. Be2 Bd6 8. O-O O-O 9. b3 Bb7 10. Bb2 Nbd7 11. Rc1 Re8 12. Re1 Rc8 {1-0 (69) Dubov,D (2696)-Wei,Y (2734) Liaocheng 2018}) 5... Bb7 6. Bb2 {A17: English Opening: 1...Nf6 with ...Bb4} Bd6 7. g3 Nbd7 8. Bg2 {The position is equal.} O-O 9. O-O a6 10. Qe2 $146 ({Predecessor:} 10. cxd5 exd5 11. d4 Qe7 12. Rc1 Ne4 13. Nxe4 dxe4 {0-1 (71) Sonis,F (2445)-Moroni,L (2559) Chianciano Terme 2018}) 10... Qe7 11. d4 Rac8 12. Rfd1 Rfd8 13. Rac1 dxc4 14. bxc4 c5 15. d5 exd5 16. Nh4 g6 $1 17. Nxd5 Bxd5 18. Bxd5 Nxd5 19. Rxd5 Nf6 20. Rd3 (20. Bxf6 $11 Qxf6 21. Rcd1) 20... Be5 $15 21. Rcd1 {Hoping for Rxd8+.} Rxd3 22. Rxd3 Bxb2 23. Qxb2 {[#]} b5 $1 {[%mdl 512]} 24. cxb5 c4 {[%cal Bc5c4,Bc4c3][%mdl 32]} 25. Rd4 (25. Rc3 $15) 25... c3 $17 26. Qc2 axb5 {And now ...Qa3 would win.} 27. Ng2 Qa3 {Strongly threatening ...Qb2.} 28. Ne1 b4 ({Black should try} 28... Qb2 $17 {White must now prevent ...Ra8.} 29. Kg2 Kg7) 29. Nd3 $11 Rb8 30. e4 (30. Qb3 $14) 30... Qa7 31. Rc4 Qa6 (31... Rd8 $11 32. Rxb4 Qc7) 32. Rd4 $15 Qa7 $36 {[%mdl 2048] Black has some pressure.} 33. Rc4 Qe7 (33... Rd8 $1 $15 34. Rxb4 Qc7) 34. Qe2 $11 Qd6 (34... h5 $11 {keeps the balance.}) 35. e5 $16 Qe7 36. Qf3 (36. Nxb4 $1 $16 {aiming for Nc6.} Rxb4 37. exf6 Rb1+ 38. Kg2 Qxf6 39. Rc8+ Kg7 40. Qe8) 36... Nd7 $14 37. Rc7 $2 (37. Qe4 $11 {and White is okay.}) 37... Nxe5 $19 38. Rxe7 Nxf3+ {[%mdl 4096] Endgame KRN-KRN} 39. Kg2 Nd4 40. Rc7 Nc2 41. Rc4 {[#]} Kg7 $1 42. Kf3 Ra8 43. Nxb4 $2 {[#]} (43. Re4 {was necessary.}) 43... Ra4 $1 ({Less strong is} 43... Nxb4 44. Rxb4 c2 45. Rc4 $17) 44. a3 Nxa3 45. Rxc3 Nb1 ({Weaker is} 45... Rxb4 46. Rxa3 Kf6 47. h4 $11) 46. Rc1 Rxb4 {KRN-KR} 47. Ke3 Na3 48. Kd3 Rb7 49. Kd4 Nb5+ 50. Kd5 Rd7+ 51. Ke5 Nd4 52. Ke4 Ne6 {Precision: White = 39%, Black = 78%.} 0-1